000
00480nam a2200157Ia 4500
008
100122s9999 xx 000 0 und d
082
_b
73433
_a
910.4
100
_a
जोगळेकर जयंत
245
_a
सफर श्रीलंकेची
250
_a
1
260
_b
साकेत प्रकाशन
_c
2008
300
_a
128
630
_a
सफर श्रीलंकेची
730
_a
सफर श्रीलंकेची
942
_c
BOOK
999
_c
389392
_d
389389